The Legend of Zelda Monsters - Statistics

General Stats
  • This quiz has been taken 18 times
  • The average score is 13 of 33
Answer Stats
Hint Answer % Correct
Very common bat-like enemy. Keese
79%
Boss of the 9th dungeon and main enemy of the game. Ganon
71%
One of the more resilient enemies. They have the appearance of a mummy. Gibdo
64%
These tube-like enemies are known to eat shields. Like Like
64%
Most commonly found in the Lost Woods. They throw spears to attack. Some friendly ones can be found in secret caves around Hyrule. Moblin
57%
These come in two varieties, one being stronger. They have the appearance of knights and hold shields which can make them difficult to kill. Darknut
50%
Boss of the 2nd dungeon. Dodongo
50%
These come in two varieties with one being stronger. They can be found around Death Mountain. They fire beam projectiles which can only be blocked with the Magical Shield. Lynel
50%
These common enemies shoot rocks from their mouths. Octorok
50%
These enemies have the appearance of a snake. Rope
50%
Boss of the 6th dungeon and mini-boss of the 8th dungeon. Gohma
43%
These are mostly found in the deserts and mountains of north-eastern Hyrule, but can appear in the Lost Woods. While flying they are impervious to all attacks, vulnerable only when resting. Peahat
43%
These enemies have the appearance of a rabbit. Pols Voice
43%
These are skeletal enemies are commonly found in dungeons. Stalfos
43%
These large hands will attempt to grab Link and take him to the beginning of the dungeon or room. They can be defeated but respawn very quickly. Wallmaster
43%
Usually found in small groups and appear to be ordinary statues until approached. Found in the Overworld of Hyrule. Armos
36%
These are spawned from the death of another enemy. They are the smaller version of the enemy that spawns them. Gel
36%
A two-headed version is the boss of the 4th dungeon. A three-headed version is a mini-boss of the 6th dungeon. A four-headed version is the boss of the 8th dungeon. Gleeok
36%
These come in two varieties with one being stronger. They live underground and burrow upwards. Leever
36%
These spider-like creatures have one eye. They have a tendency to jump around the map. Tektite
36%
These are found in the 6th and 9th dungeons. They are huminoids whose faces are hidden in shadow by their hoods. Wizzrobe
36%
These occupy all three bodies of water around Death Mountain. They attack by spitting at Link. Zora
36%
Boss of the 1st and 7th dungeons. Aquamentus
29%
These inhabit dungeons and have the appearance of skulls with flames surrounding them. They cannot be killed. Bubble
29%
These carry a boomerang and throw it in a random direction instead of directly attacking. Certain ones will not attack and will block the way until given food. Goriya
29%
Boss of the 3rd dungeon. They also appear in the 4th and 8th dungeons. They have the appearance of a large man-eating flower with four heads. Manhandla
29%
Several groups of these are found througouth the 9th dungeon. They have the appearance of eyeballs with wings. Patra
29%
These are found only in dungeons. When hit with a weak weapon they will split into another bat-like enemy and will respawn immediately after Link exits the room. Vire
29%
Boss of the 5th dungeon. Digdogger
21%
These inhabit the Graveyards. They appear over tombstones and more can be spawned from a tombstone if Link continuously touches it. Ghini
21%
These appear segmented and slowly slither in a random pattern on the ground. Moldorm
21%
These are a larger version of another enemy. They will spawn that enemy when hit with most weapons. Zol
21%
Enemy only found in the 9th dungeon. They come in two varieties with one being stronger. They are segmented and grow shorter as they are attacked. Lanmola
14%
No matching quizzes found
Score Distribution
Percent of People with Each Score
Percentile by Number Answered
Your Score History
You have not taken this quiz